[Event "Challenge"]
[Site "http://www.queenalice.com/game.php?id=5914"]
[Date "2005.2.25"]
[Round "-"]
[White "razoman"]
[Black "pokemom"]
[Result "1-0"]
[WhiteElo "1684"]
[BlackElo "1467"]

1. e4 c6 2. d4 d5 3. e5 Bf5 4. Bd3 Bxd3 5. Qxd3 e6 6. c3 Qb6 7. Nf3 c5 8. b3 Nc6
9. Bb2 Nge7 10. Qc2 Nf5 11. O-O cxd4 12. cxd4 Nfxd4 13. Nxd4 Nxe5 14. Nd2 Nc6
15. Nxc6 bxc6 16. Nf3 f6 17. Rac1 c5 18. Rfe1 Kf7 19. Qe2 Bd6 20. Qxe6+ Kg6 21.
Qxd5 Rhe8 22. Nh4+ Kh6 23. Rcd1 Rad8 24. Rxe8 Bxh2+ 25. Kxh2 Rxd5 26. Rxd5 c4
27. Bc1+ g5 28. Be3 Qc7+ 29. Kg1 cxb3 30. axb3 Qc2 31. Re6 Kg7 32. Nf5+ Kf7 33.
Re7+ Kg6 34. Rg7+ Kh5 35. Rxh7+ Kg6 36. Rg7+ Kh5 37. f3 Qb1+ 38. Kh2 Qxb3 39.
g4# 1-0

[Event "Challenge"]
[Site "http://www.queenalice.com/game.php?id=6014"]
[Date "2005.2.26"]
[Round "-"]
[White "pokemom"]
[Black "jbrcron"]
[Result "1-0"]
[WhiteElo "1384"]
[BlackElo "1580"]

1. d4 d5 2. e3 Nc6 3. c3 Bf5 4. Bd3 Bxd3 5. Qxd3 Nf6 6. Nf3 g6 7. Nbd2 Bg7 8. e4
dxe4 9. Nxe4 Nxe4 10. Qxe4 Qd7 11. O-O O-O-O 12. Re1 Rhe8 13. Ng5 f5 14. Qe6 Kb8
15. Nxh7 Bf6 16. Bd2 Qxe6 17. Rxe6 Na5 18. b3 Bg7 19. Rae1 Nc6 20. Rxg6 Bf6 21.
Nxf6 exf6 22. Rxf6 Rxe1+ 23. Bxe1 Ne7 24. Bd2 Re8 25. Kf1 Rh8 26. h3 b6 27. c4
Rh5 28. d5 Kb7 29. a4 Nc8 30. Bf4 Ka6 31. b4 Ne7 32. f3 Rh4 33. g3 Rxh3 34. Kg2
Rh7 35. d6 cxd6 36. Bxd6 Ng8 37. Rxf5 Ne7 38. Bxe7 Rxe7 39. Kf2 Kb7 40. c5 bxc5
41. Rxc5 a6 42. b5 axb5 43. axb5 Kb6 44. Rf5 Rc7 45. g4 Kb7 46. Kg3 Kc8 47. g5
Rg7 48. f4 Kc7 49. Rf6 Kb8 50. Kg4 Kc8 51. f5 Kd8 52. g6 Rb7 53. b6 Kc8 54. Rf8+
Kd7 55. Rf7+ Kc6 56. Rxb7 Kxb7 57. g7 Kxb6 58. g8=Q Kb7 59. Qc4 Kb6 60. f6 Kb7
61. f7 Kb6 62. f8=Q Kb7 63. Qfc8+ Ka7 64. Q8c7+ Ka8 65. Qa4# 1-0

[Event "Challenge"]
[Site "http://www.queenalice.com/game.php?id=6612"]
[Date "2005.3.10"]
[Round "-"]
[White "pokemom"]
[Black "franliro"]
[Result "0-1"]
[WhiteElo "1579"]
[BlackElo "1806"]

1. d4 Nf6 2. e3 e6 3. Nf3 c5 4. c3 Nc6 5. Bd3 d5 6. Nbd2 c4 7. Bc2 Bd6 8. e4
dxe4 9. Nxe4 Nxe4 10. Bxe4 Qc7 11. a3 b5 12. h3 Bb7 13. Be3 f5 14. Bc2 Ne7 15.
Qe2 h6 16. Bd2 Bd5 17. O-O Qc6 18. a4 a6 19. Ne1 g6 20. f3 Bg3 21. Be3 Kf7 22.
Bf2 Bc7 23. Bd1 Qd6 24. g3 h5 25. Ng2 h4 26. Nf4 g5 27. Nxd5 Nxd5 28. f4 hxg3
29. Bxg3 gxf4 30. Bh2 Rag8+ 31. Kf2 Rxh3 32. Ke1 Re3 0-1

[Event "Challenge"]
[Site "http://www.queenalice.com/game.php?id=7867"]
[Date "2005.3.26"]
[Round "-"]
[White "din4"]
[Black "pokemom"]
[Result "0-1"]
[WhiteElo "1334"]
[BlackElo "1489"]

1. e4 c6 2. e5 d5 3. d4 Bf5 4. g4 Bg6 5. h4 h6 6. Nf3 e6 7. c3 Qb6 8. Nbd2 c5 9.
Nb3 Nc6 10. dxc5 Bxc5 11. Nbd4 a6 12. Qa4 Ne7 13. Bb5 O-O 14. g5 axb5 15. Qb3
Nf5 16. a4 Nfxd4 17. cxd4 Nxd4 18. Nxd4 Bxd4 19. Be3 Bxe3 20. fxe3 Rfc8 21. h5
Bc2 22. Qa3 bxa4 23. gxh6 Qa5+ 24. b4 Qa6 25. Rg1 Bb3 26. hxg7 Qd3 27. Kf2 Rc2+
28. Kf3 Qf5+ 29. Kg3 Qxe5+ 30. Kh4 Rh2+ 31. Kg4 Qf5+ 32. Kg3 Qh3+ 33. Kf4 Rf2+
34. Ke5 Qxe3+ 35. Kd6 Ra6+ 36. Ke7 b5 37. Qc1 Qa7+ 38. Kd8 Rb6 39. Qc7 Qa8+ 40.
Ke7 Rb7 41. Kd6 Rxc7 42. Kxc7 Rc2+ 43. Kd6 Qb8+ 44. Ke7 Rc7+ 45. Kf6 Qd8+ 46.
Ke5 f6+ 47. Kf4 Rc4+ 48. Ke3 Qb6+ 49. Kf3 Qd4 50. Rae1 Qd3+ 51. Re3 Bd1+ 52.
Rxd1 Qxd1+ 53. Kg3 Rxb4 54. h6 Rb3 55. Rxb3 axb3 56. Kf4 b2 57. Kg3 b1=Q 58. Kh4
Qf5 59. Kg3 Qg1+ 60. Kh4 Qh2# 0-1

[Event "Challenge"]
[Site "http://www.queenalice.com/game.php?id=9498"]
[Date "2005.4.12"]
[Round "-"]
[White "pokemom"]
[Black "renatominicucci"]
[Result "0-1"]
[WhiteElo "1437"]
[BlackElo "1481"]

1. d4 e6 2. e3 Nc6 3. c3 Nf6 4. Bd3 Ng4 5. h3 Nh6 6. Nf3 d6 7. Nbd2 a6 8. O-O e5
9. Bc2 Qf6 10. Ne4 Qe7 11. Bd2 d5 12. Nc5 e4 13. Ne1 Qg5 14. Kh1 Bd6 15. f3 Bxc5
16. dxc5 Nf5 17. fxe4 Ng3+ 0-1

[Event "Challenge"]
[Site "http://www.queenalice.com/game.php?id=9863"]
[Date "2005.4.15"]
[Round "-"]
[White "pokemom"]
[Black "Alsina"]
[Result "0-1"]
[WhiteElo "1386"]
[BlackElo "1770"]

1. d4 d5 2. Nf3 Nf6 3. e3 c6 4. Bd3 Bg4 5. Nbd2 e6 6. h3 Bh5 7. e4 dxe4 8. Nxe4
Nxe4 9. Bxe4 Nd7 10. c3 Nf6 11. Bc2 Bd6 12. Bg5 Qb6 13. Bb3 Qb5 14. Bxf6 gxf6
15. g4 Bg6 16. Qe2 h5 17. Qxb5 cxb5 18. O-O-O Be4 0-1

[Event "Challenge"]
[Site "http://www.queenalice.com/game.php?id=12091"]
[Date "2005.5.4"]
[Round "-"]
[White "thepriceoflifeisdeath"]
[Black "pokemom"]
[Result "0-1"]
[WhiteElo "1149"]
[BlackElo "1450"]

1. d4 d5 2. c4 c6 3. c5 b6 4. Bf4 Bf5 5. Nc3 e6 6. cxb6 Qxb6 7. b3 c5 8. e3 Nc6
9. Nf3 Bg4 10. h3 Bxf3 11. gxf3 cxd4 12. exd4 Nxd4 13. Rg1 Bb4 14. Qd2 Nxf3+ 0-1

[Event "TORNEO"]
[Site "http://www.queenalice.com/game.php?id=36841"]
[Date "2005.11.7"]
[Round "-"]
[White "cerdany"]
[Black "pokemom"]
[Result "0-1"]
[WhiteElo "1448"]
[BlackElo "1556"]

1. e4 c6 2. d4 d5 3. e5 Bf5 4. Bd3 Bxd3 5. Qxd3 e6 6. Nf3 Qb6 7. O-O Ne7 8. Nbd2
c5 9. Qb3 Nf5 10. Qxb6 axb6 11. Nb3 Nc6 12. dxc5 bxc5 13. Bd2 c4 14. Nc1 Nb4 15.
Bxb4 Bxb4 16. c3 Ba5 17. Ne2 O-O 18. Ned4 Ne7 19. Rac1 Bb6 20. a3 h6 21. Rfe1
Ng6 22. g3 Bc5 23. Nb5 Ra5 24. Nd6 Bxd6 25. exd6 Rd8 26. Ne5 Nxe5 27. Rxe5 Rxd6
28. Rd1 Rb5 29. Rd2 Ra6 30. h4 Rab6 31. Ree2 Kh7 32. h5 Kg8 33. Kg2 Kf8 34. g4
Ke7 35. f4 Kf6 36. g5+ hxg5 37. fxg5+ Kxg5 38. Re5+ Kh6 39. Kg3 Rxb2 40. Rf2
Rxf2 41. Kxf2 f6 42. Re3 Kxh5 43. Rh3+ Kg6 44. Ke3 Rb3 45. Rg3+ Kf7 46. Rxg7+
Kxg7 0-1

[Event "TORNEO FABRICA"]
[Site "http://www.queenalice.com/game.php?id=36849"]
[Date "2005.11.7"]
[Round "-"]
[White "franliro"]
[Black "pokemom"]
[Result "0-1"]
[WhiteElo "1889"]
[BlackElo "1513"]

1. e4 c6 2. d4 d5 3. e5 Bf5 4. Nf3 h6 5. c4 e6 6. c5 b6 7. b4 Be7 8. Nc3 a5 9.
Ba3 axb4 10. Bxb4 Na6 11. Bxa6 Rxa6 12. Na4 Qa8 13. Nc3 bxc5 14. dxc5 Bd8 15.
O-O Ne7 16. Nd4 Bh7 17. a3 O-O 18. f4 Nf5 19. Nxf5 Bxf5 20. g4 Bh7 21. f5 Ba5
22. Na4 Qb8 23. Bxa5 Rxa5 24. Qd4 Qb5 25. Nb6 Rd8 26. Rfc1 exf5 27. a4 Qe2 28.
Nc4 Ra6 29. gxf5 Bxf5 30. Ne3 Be4 31. Rf1 Rb8 32. Rf2 Qd3 33. Qxd3 Bxd3 34. Rd2
Be4 35. Nd1 Ra5 36. Nc3 Bf5 37. Nxd5 cxd5 38. Rxd5 Be6 39. Rd4 Rxc5 40. a5 Rb7
41. Rd8+ Kh7 42. Ra8 Bd5 43. Ra6 Be6 44. Ra8 Rxe5 45. a6 Rd7 46. a7 Bd5 47. Rb8
Ree7 48. a8=Q Bxa8 49. Rbxa8 Rd2 50. R8a2 Rxa2 51. Rxa2 g5 52. Kf2 f5 53. Kf3
Kg6 54. Ra6+ Kh5 55. Rf6 f4 56. h4 Re3+ 57. Kf2 Kxh4 58. Rxh6+ Kg4 59. Rh1 Kf5
60. Ra1 Rg3 61. Ra5+ Kg4 0-1

[Event "Challenge"]
[Site "http://www.queenalice.com/game.php?id=36937"]
[Date "2005.11.8"]
[Round "-"]
[White "doriam"]
[Black "pokemom"]
[Result "1-0"]
[WhiteElo "1552"]
[BlackElo "1509"]

1. e4 c6 2. d4 d5 3. e5 Bf5 4. Nf3 e6 5. a3 Qb6 6. Bd3 Ne7 7. Nc3 Qc7 8. Bg5
Bxd3 9. Qxd3 c5 10. O-O Nf5 11. dxc5 Bxc5 12. b4 Be7 13. Bxe7 Qxe7 14. Nb5 a6
15. Nbd4 Nxd4 16. Nxd4 Nd7 17. c4 Nxe5 18. Qg3 Qf6 19. cxd5 Rd8 20. f4 Rxd5 21.
fxe5 Qxe5 22. Qxe5 Rxe5 23. Rac1 Kd7 24. Rxf7+ Kd6 25. Rxb7 Rd5 26. Nf3 a5 27.
Rcc7 axb4 28. axb4 Rd1+ 29. Kf2 Ra1 30. Rd7+ Kc6 31. Ne5# 1-0

[Event "Challenge"]
[Site "http://www.queenalice.com/game.php?id=36993"]
[Date "2005.11.8"]
[Round "-"]
[White "pokemom"]
[Black "cerdany"]
[Result "1-0"]
[WhiteElo "1588"]
[BlackElo "1431"]

1. d4 d5 2. Nf3 Nc6 3. e3 Bg4 4. c3 Bxf3 5. Qxf3 a6 6. Bd3 e6 7. Nd2 Nf6 8. e4
e5 9. exd5 Qxd5 10. Qxd5 Nxd5 11. O-O O-O-O 12. dxe5 Nf4 13. Bf5+ Kb8 14. Nf3 g6
15. Be4 Ne6 16. Bxc6 bxc6 17. Be3 Bc5 18. Bh6 Rhe8 19. Rad1 Bf8 20. Bg5 Rxd1 21.
Rxd1 Be7 22. h4 Bxg5 23. hxg5 c5 24. Rd7 Nd8 25. Kh2 Kc8 26. Rd5 Ne6 27. g3 Rd8
28. c4 c6 29. Rd2 Rxd2 30. Nxd2 Nxg5 31. f4 Ne6 32. Ne4 Kc7 33. Kh3 h6 34. Kg2
Kd7 35. Nf6+ Kc7 36. Ne8+ Kd7 37. Nd6 Ke7 38. Kf2 f6 39. Nc8+ Kd7 40. Nb6+ Kc7
41. Na4 fxe5 42. fxe5 Nd4 43. Nxc5 Kd8 44. Nxa6 Kd7 45. Nc5+ Ke7 46. b3 Nf5 47.
a4 Kd8 48. b4 Kc7 49. a5 Nd4 50. g4 h5 51. gxh5 gxh5 52. Kg3 Nc2 53. b5 cxb5 54.
cxb5 Nd4 55. b6+ Kb8 56. e6 Kc8 57. a6 1-0

[Event "Challenge"]
[Site "http://www.queenalice.com/game.php?id=36994"]
[Date "2005.11.8"]
[Round "-"]
[White "pokemom"]
[Black "doriam"]
[Result "1-0"]
[WhiteElo "1485"]
[BlackElo "1551"]

1. d4 d5 2. Nf3 Nc6 3. c3 Nf6 4. e3 a6 5. h3 Bf5 6. Nh4 e6 7. Nxf5 exf5 8. Bd3
g6 9. Nd2 Bg7 10. c4 O-O 11. Nf3 Ne4 12. Qb3 Na5 13. Qb4 dxc4 14. Bc2 b6 15. Nd2
Nc6 16. Qxc4 Na5 17. Qe2 Nxd2 18. Bxd2 c5 19. dxc5 b5 20. Bc3 Bxc3+ 21. bxc3 Nc6
22. O-O Qf6 23. c4 bxc4 24. Qxc4 a5 25. Rab1 Nb4 26. Bb3 Rad8 27. Rfd1 Rxd1+ 28.
Rxd1 Nc6 29. Qa6 Kg7 30. Rd6 Qa1+ 31. Kh2 Nb4 32. Qxa5 Nd3 33. Rxd3 Qb2 34. Qc3+
Qxc3 35. Rxc3 Rc8 36. Kg3 h5 37. a4 1-0

[Event "Challenge"]
[Site "http://www.queenalice.com/game.php?id=36995"]
[Date "2005.11.8"]
[Round "-"]
[White "pokemom"]
[Black "franliro"]
[Result "0-1"]
[WhiteElo "1515"]
[BlackElo "1885"]

1. d4 Nf6 2. Nf3 g6 3. e3 Bg7 4. c3 O-O 5. Bd3 Nc6 6. Nbd2 d6 7. h3 e5 8. dxe5
dxe5 9. Bc2 Be6 10. Ng5 Bd7 11. O-O h6 12. Ngf3 Re8 13. e4 Nh5 14. Nh2 Nf4 15.
Re1 h5 16. Ndf1 Ne6 17. Be3 Qe7 18. Qd2 Rad8 19. Rad1 Nc5 20. Bg5 f6 21. Be3
Bxh3 22. Qc1 Be6 23. b4 Nd7 24. a3 Kh7 25. Rd2 Nb6 26. Rxd8 Rxd8 27. Rd1 Rxd1
28. Qxd1 Nc4 29. Bc5 Qf7 30. b5 N6a5 31. Bb4 b6 32. Qd8 c5 33. Bxa5 Nxa5 34. Nd2
Nc4 35. a4 Bh6 36. Nhf3 Nxd2 37. Nxd2 Bxd2 38. Qxd2 Bc4 39. f3 Qe6 40. Kf2 a6
41. Bd3 axb5 42. axb5 Qd7 43. Ke3 Qxb5 44. Bc2 Qc6 45. Bd3 Bxd3 46. Qxd3 c4 47.
Qd5 Qxd5 48. exd5 Kg7 49. Ke4 Kf7 50. f4 exf4 51. Kd4 f3 52. gxf3 h4 53. Kxc4 h3
54. Kb5 h2 55. Kxb6 h1=Q 56. c4 Qxf3 57. Kc6 Ke7 0-1

[Event "TORNEO FABRICA"]
[Site "http://www.queenalice.com/game.php?id=37105"]
[Date "2005.11.9"]
[Round "-"]
[White "pepeillo"]
[Black "pokemom"]
[Result "1-0"]
[WhiteElo "1306"]
[BlackElo "1604"]

1. b3 d5 2. Bb2 e6 3. e3 Nf6 4. h3 Bd6 5. d4 Nbd7 6. Nf3 c6 7. Nc3 e5 8. dxe5
Nxe5 9. Bd3 Nxd3+ 10. Qxd3 Bc7 11. O-O-O O-O 12. Ne2 Ne4 13. Rhf1 a5 14. Qd4 Nf6
15. Nf4 Bb6 16. Qe5 Re8 17. Qg5 a4 18. Nh5 Nxh5 19. Qxh5 Qd6 20. Ng5 Qg6 21.
Qxg6 hxg6 22. g4 axb3 23. axb3 f6 24. Nf3 Bc7 25. Nh4 Kf7 26. Nf3 g5 27. Nd4 Be5
28. Nf5 Re6 29. f4 Bxb2+ 30. Kxb2 g6 31. Nh6+ Kg7 32. fxg5 fxg5 33. Nf7 Rxe3 34.
Nxg5 Kh6 35. Nf7+ Kg7 36. Nd6 Re7 37. Nxc8 Rxc8 38. Rf4 Rf8 39. Rxf8 Kxf8 40.
Rf1+ Kg7 41. Rf4 Re3 42. h4 Re4 43. Rxe4 dxe4 44. Kc3 e3 45. Kd3 e2 46. Kxe2 Kf6
47. Ke3 Ke5 48. c3 b6 49. c4 c5 50. h5 1-0

[Event "Torneo fabrica"]
[Site "http://www.queenalice.com/game.php?id=37193"]
[Date "2005.11.9"]
[Round "-"]
[White "Alsina"]
[Black "pokemom"]
[Result "1-0"]
[WhiteElo "2108"]
[BlackElo "1509"]

1. e4 c6 2. d4 d5 3. e5 Bf5 4. h4 h6 5. g4 Be4 6. Rh3 e6 7. Nd2 Bh7 8. Bg2 Qb6
9. Ne2 c5 10. c4 cxd4 11. cxd5 exd5 12. Bxd5 Nd7 13. Nc4 Qc5 14. Qxd4 Qxd4 15.
Nxd4 Bb4+ 16. Bd2 Bxd2+ 17. Kxd2 Rb8 18. Nd6+ Ke7 19. Nxf7 1-0

[Event "Challenge"]
[Site "http://www.queenalice.com/game.php?id=37214"]
[Date "2005.11.9"]
[Round "-"]
[White "pokemom"]
[Black "Alsina"]
[Result "0-1"]
[WhiteElo "1509"]
[BlackElo "2109"]

1. d4 Nf6 2. Nf3 g6 3. e3 Bg7 4. c3 d5 5. Nbd2 Nc6 6. Bd3 Bf5 7. Qe2 Bxd3 8.
Qxd3 O-O 9. O-O Re8 10. e4 e5 11. exd5 Qxd5 12. c4 Qd6 13. Ne4 Nxe4 14. Qxe4
exd4 15. Qf4 Ne5 16. Rd1 Nxc4 17. b3 Ne5 18. Nxd4 Rad8 19. Be3 c5 0-1

[Event "Challenge"]
[Site "http://www.queenalice.com/game.php?id=37229"]
[Date "2005.11.9"]
[Round "-"]
[White "pokemom"]
[Black "pepeillo"]
[Result "1-0"]
[WhiteElo "1599"]
[BlackElo "1313"]

1. d4 g6 2. e3 d5 3. Nf3 Bg4 4. Bd3 e6 5. h3 Bxf3 6. Qxf3 f5 7. c4 c6 8. O-O Nf6
9. Nc3 Be7 10. Qe2 Qa5 11. Bd2 Qb6 12. b3 Bb4 13. c5 Qa5 14. Rfc1 Qc7 15. a3
Bxc3 16. Bxc3 Ne4 17. Bb2 Nd7 18. Bxe4 fxe4 19. Rf1 O-O-O 20. b4 a6 21. a4 Rhe8
22. b5 cxb5 23. axb5 axb5 24. Qxb5 e5 25. Rfb1 exd4 26. Bxd4 Re6 27. Ra8+ Nb8
28. Bc3 b6 29. cxb6 Rxb6 30. Qxb6 Qxb6 31. Rxb6 Kc7 32. Rb3 Nc6 33. Rxd8 Kxd8
34. Kh2 Kd7 35. Rb7+ Ke6 36. Rxh7 Ne7 37. f3 exf3 38. gxf3 Nf5 39. e4 dxe4 40.
fxe4 Ne7 41. Kg3 Kd7 42. Kg4 Ke8 43. Kg5 Kd7 44. Rxe7+ 1-0

[Event "TORNEO VASVITRU"]
[Site "http://www.queenalice.com/game.php?id=38001"]
[Date "2005.11.15"]
[Round "-"]
[White "pokemom"]
[Black "din4"]
[Result "1-0"]
[WhiteElo "1571"]
[BlackElo "1353"]

1. d4 d5 2. Nf3 f6 3. e3 g5 4. Bd3 g4 5. Nfd2 f5 6. c4 Nf6 7. Qc2 e6 8. cxd5
Nxd5 9. a3 c6 10. e4 Nf4 11. O-O Qxd4 12. exf5 Qd5 13. Be4 Ne2+ 14. Kh1 Qe5 15.
Re1 g3 16. Rxe2 Qf4 17. Nf1 Qh4 18. Nxg3 Rg8 19. fxe6 Bd6 20. Nd2 Rxg3 21. fxg3
Bxg3 22. Nf3 Qh5 23. Kg1 Bd6 24. Bxh7 c5 25. Bg6+ Qxg6 26. Qxg6+ Kd8 27. Bg5+
Kc7 28. e7 Bxe7 29. Bxe7 Nc6 30. Bxc5 Bd7 31. Rc1 b6 32. Bf2 Kb7 33. Ne5 Re8 34.
Bg3 Nd4 35. Qe4+ Nc6 36. Qf3 Kc7 37. Nxc6+ Kc8 38. Ne5+ Kd8 39. Bh4+ Re7 40.
Qf8+ Be8 41. Qxe7# 1-0

[Event "Ave Cesar..."]
[Site "http://www.queenalice.com/game.php?id=39230"]
[Date "2005.11.23"]
[Round "-"]
[White "din4"]
[Black "pokemom"]
[Result "0-1"]
[WhiteElo "1345"]
[BlackElo "1580"]

1. d4 d5 2. Nf3 e6 3. Bg5 Nf6 4. Ne5 Nbd7 5. f4 h6 6. Bh4 Be7 7. e3 Ne4 8. Qh5
Nxe5 9. g3 Nc4 10. Bxe7 Qxe7 11. Qe5 Nxe5 12. fxe5 Qb4+ 13. c3 Qxb2 14. Bd3 Qxa1
15. O-O Qxa2 16. c4 Ng5 17. Rf2 Qa1 18. Kg2 dxc4 19. Bc2 O-O 20. Nd2 b5 21. h4
Nh7 22. Be4 Rb8 23. Nb1 Bb7 24. Nd2 c3 25. Nb3 Bxe4+ 26. Kh3 Qh1+ 27. Kg4 Bf5+
28. Kh5 Bg6+ 29. Kg4 Qe4+ 30. Rf4 Qxe3 31. Nc5 Rfd8 32. Na6 Rb7 33. Nc5 Rb6 34.
Rf3 Qxd4+ 35. Rf4 Qxc5 36. h5 Bf5+ 37. Rxf5 exf5+ 38. Kxf5 Nf6 39. g4 Qf2# 0-1